Think and do graphics (Record no. 81296)
[ view plain ]
| 000 -LEADER | |
|---|---|
| fixed length control field | 00608nam a2200145 a 4500 |
| 008 - FIXED-LENGTH DATA ELEMENTS--GENERAL INFORMATION | |
| fixed length control field | 120416s1976 xx |||||||||||||| || u |
| 050 ## - LIBRARY OF CONGRESS CALL NUMBER | |
| Classification number | NC 1001 Wes |
| 100 ## - MAIN ENTRY--PERSONAL NAME | |
| Personal name | Webster, Lari M |
| 245 10 - TITLE STATEMENT | |
| Title | Think and do graphics |
| 246 ## - | |
| -- | a graphic communication workbook |
| 260 ## - PUBLICATION, DISTRIBUTION, ETC. | |
| Date of publication, distribution, etc. | 1976 |
| 350 ## - | |
| -- | 0.00 |
| 995 ## - | |
| -- | ANNEX COLLECTION (Main Library) |
| -- | 0.00 |
| -- | 719445 |
| -- | CBU-MAIN LIBRARY (Kitwe) |
| -- | 2 |
| -- | 0.00 |
| -- | NC 1001 Wes |
| -- | AVAILABLE |
| -- | 019046 |
| -- | Annex Low-Usage Collection |
| 995 ## - | |
| -- | BINDERY (DAMAGED) |
| -- | 0.00 |
| -- | 712117 |
| -- | CBU-MAIN LIBRARY (Kitwe) |
| -- | 1 |
| -- | 0.00 |
| -- | NC 1001 Wes |
| -- | 2 |
| -- | DAMAGED |
| -- | 019047 |
| -- | Main Library Open Access Collection |
| 999 ## - | |
| -- | 81296 |
| -- | 81296 |
| Withdrawn status | Lost status | Source of classification or shelving scheme | Damaged status | Not for loan | Permanent Location | Current Location | Shelving location | Date acquired | Total Checkouts | Full call number | Barcode | Date last seen | Copy number | Price effective from | Koha item type |
|---|---|---|---|---|---|---|---|---|---|---|---|---|---|---|---|
| CBU-MAIN LIBRARY, KITWE. | CBU-MAIN LIBRARY, KITWE. | 08/18/2023 | NC 1001 Wes | 019046 | 08/18/2023 | 1 | 08/18/2023 | MONOGRAPH | |||||||
| CBU-MAIN LIBRARY, KITWE. | CBU-MAIN LIBRARY, KITWE. | 08/18/2023 | NC 1001 Wes | 019047 | 08/18/2023 | 2 | 08/18/2023 | MONOGRAPH |